Statistics for Transformers 80's Original Theme Song Lyrics

Click here to take the quiz!

General Stats

  • This quiz has been taken 560 times
    (552 since last reset)
  • The average score is 17 of 29

Answer Stats

% Correct
Transformers
100%
more
84%
than
83%
meets
83%
the
83%
eye
83%
Autobots
66%
Transformers
54%
the
54%
to
54%
the
54%
evil
54%
Decepticons
53%
of
53%
forces
53%
destroy
53%
battle
52%
their
52%
wage
52%
Robots
52%
in
52%
disguise
51%
Transformers
47%
Transformers
47%
more
46%
than
46%
meets
46%
the
46%
eye
46%

Score Distribution

Percentile by Number Answered

Percent of People with Each Score

Your Score History

You have not taken this quiz since the last reset